| 000 | 00595nam a2200253 a 4500 | ||
|---|---|---|---|
| 001 | nice12345678 | ||
| 003 | IN_TiNIC | ||
| 005 | 20260116012744.0 | ||
| 008 | 050524s1964 edia grp 000 0 eng | ||
| 020 |
_a _c100 |
||
| 082 | 0 | 0 |
_a340.59 _bCOU |
| 100 | _aCoulson, J N, | ||
| 245 | _aHistory of Islamic Law | ||
| 260 |
_aEdinburgh _bEdinburgh University Press _c1964 |
||
| 300 | _a264p | ||
| 500 | _aincludes index and biblioraphy | ||
| 505 | 2 | _aIndices | |
| 650 | _aIslamic-Law | ||
| 650 | _aFiqh | ||
| 700 | 1 | _aCoulson, J N, | |
| 902 | _bSRS | ||
| 942 | _cBK | ||
| 999 |
_c8245 _d8245 |
||